00600nam a2200205Ia 4500003000400000005001700004008004100021020001900062040000700081041000800088082001600096100002000112245002500132260003800157300000900195650002200204942001300226999001900239952013600258OSt20250818110211.0250729s2005 xx 000 0 und d a978-8176482196 cAL aeng a370.71 SINT aRao V K9221392 aPopulation education aNew DelhibA P H Publishingc2005 a357p aEducation9221393 2ddccBED c234988d234988 001040708BEDaALbALd2025-07-29eSita Book Houseg120.00l0o370.71 SINTpBED00307r2025-07-29 16:53:37v595.00w2025-07-29yBK